000 00736nam a22002177i 4500
999 _c22948
_d22948
003 AR-CdUCM
008 240801b20162016 pe||||| |||| 00| 0 spa d
020 _a978-612-345-849-2
040 _aMUNICIPALIDAD PROVINCIAL DEL CUSCO
_cBIBLIOTECA MUNICIPAL DEL CUSCO
082 _aPI / 376.36 / O38C
_bO38C
100 _aOjeda Zañartu, Erlita.
_950081
245 _aCuando la cólera se apodera de mí /
260 _aLima :
_bEdiciones COREFO,
_c2016
300 _a19 páginas. :
_c29 cm.
_bIlustraciones en color.
650 _aTexto escolar
_92070
650 _aCuento infantil
_950091
650 _aRazonamiento verbal
_950092
700 _aReyes Ospina, Frank [Ilustrador]
_950084
942 _2ddc
_cLIBROS
945 _apbj
_d2024-08-01